00146 a2200073 450000100060000010000200000624500220002626000240004815724 aRahman Attiqur aOur Defence Cause abWhite Lion Pub.c